Formule 1 - Quiz pilote : Charles Leclerc - Statistiques

Statistiques générales
  • Ce quiz a été pris 798 fois
    762 depuis la dernière actualisation
  • Le résultat moyen est 14 sur 19
Statistiques - réponses
Hint Réponse % Correct
Informations de base Arrivée en Formule 1 (année) 2018
97%
Écuries pour lesquelles il a conduit Depuis 2019 Ferrari
96%
Coéquipiers 2025 Lewis Hamilton
96%
Informations de base Numéro de pilote 16
95%
Coéquipiers 2021-2024 Carlos Sainz Jr.
95%
Informations de base Nationalité (sportive) Monaco
93%
Championnat du monde Nombres de titre pilote 0
91%
Championnat du monde Nombres de titre constructeur 0
91%
Autres Instrument de musique qu'il joue Piano
90%
Coéquipiers 2019-2020 Sebastian Vettel
84%
Autres Nom de son chien Léo
83%
Victoire Nombre de victoire totale 8
81%
Écuries pour lesquelles il a conduit 2018 Sauber
67%
Informations de base Nom complet Charles Marc Hervé Perceval Leclerc
61%
Autres Quel autre pilote l'a introduit au sport automobile ? Jules Bianchi
60%
Informations de base Date de naissance 16 octobre 1997
55%
Victoire 1ère victoire Grand Prix de Belgique 2019
38%
Coéquipiers 2018 Marcus Ericsson
35%
Informations de base Surnom Il Predestinato
32%
Aucun quiz correspondant
Distribution des résultats
% des personnes avec chaque résultat
Percentile par nombre de réponses
Votre historique - résultats
Vous n’avez pas pris ce quiz depuis la dernière actualisation